01007cam a22003374i 4500003000900000005001700009008004100026035001900067040003300086082001900119100003800138245003700176264006500213300003800278336002100316337002500337338002300362505014700385526001000532526001000542526001000552526001000562526000800572526000800580526000800588526000800596526000800604526000800612526000800620650004100628PE-LiUPU20250731173136.0150623s1975 miu r 000 0 eng d a(Sirsi) a26972 aPE-LiUPUbspacPE-LiUPUerda04a261.8bG792211 aGrant, Wilson W.,d1941-,eautor.10aLove and sex /cWilson W. Grant. 1aGrand Rapids, Michigan :bZondervan Publishing House,c1975. a172 páginas ;c18 centímetros atext2rdacontent aunmediated2rdamedia avolume2rdacarrier0 aWhat's happening to me? -- Sex is not a four letter word -- What's smart -- The long wait -- Questions you were afraid to ask -- The plumbing. aSEG42 aSEG41 aSEG40 aSEG39 aP94 aP87 aP86 aP85 aP77 aP76 aP3504aOrientación sexual para jóvenes.